000 00558cam a22002053a 4500
001 40771
003 PGUSA
005 20140828083918.0
008 120915s2012||||xxu|||||s|||||000 | eng d
040 _aPGUSA
_beng
042 _adc
100 1 _aKellermann, Bernhard
245 1 0 _aIngeborg
_h[electronic resource] /
_cBernhard Kellermann
260 _bProject Gutenberg,
_c2012
506 _aPublic domain in the USA.
516 _aElectronic text
830 0 _aProject Gutenberg
_v40771
856 4 0 _uhttp://www.gutenberg.org/ebooks/40771
942 _cEB
999 _c270023
_d270023